1403 1259 1309 1362 1215 1892 1010 1002 1186 1100 1141 1581 1725 1209 1816 1940 1964 1285 1346 1791 1186 1842 1430 1490 1382 1634 1280 1726 1516 1059 1790 1551 1198 1026 1483 1104 1499 1867 1791 1547 1947 1697 1395 1231 1359 1242 1291 1903 1629 1033 1747 1782 1084 1175 1004 1047 1903 1178 1168 1208 1701 1676 1243 1481 1507 1984 1652 1499 1413 1611 1396 1370 1403 1595 1958 1097 1253 1650 1351 1368 1645 1111 1116 1032 1284 1949 1301 1979 1867 1275 1377 1483 1146 1127 1263 1355 1848 1205 1077 BCNSPRNW ULIB Ver.6.0+V

เปลี่ยนเป็นภาษาไทย

Change to English
 แสดงรายละเอียดบรรณานุกรม
  กลับหน้าหลัก

Brief Record : Get Marc (ISO 2709) : E-mail record : QR code < ปิดหน้าต่าง
LEADER : 00000nam 2200000uu 4500
001    13399115164
003     ULIB
008    120715s2552||||th 000 0 tha d
020    ^a9786160600762
090    ^aนว.^bห732พ 2552
100 0  ^aเหลียนอิ๋ง
245 00 ^aพรางเสน่หา/^cเหลียนอิ๋ง
250    ^aพิมพ์ครั้งที่ 1
260    ^aกรุงเทพฯ :^bแจ่มใส,^c2552
300    ^a208 หน้า
700 0  ^aเสี่ยวเฟิงหลิง ;^eแปล
710 1  ^aแจ่มใส
945    ^p149^l0^i16416
995    ^aกัณชพร
999    ^aใช้งานได้ทุกระบบ
รายการนี้ยังไม่มีแท็ก
คุณยังไม่ได้ล็อกอิน คุณสามารถมีกิจกรรมร่วมกับเว็บไซต์ได้ แต่ต้องล็อกอินก่อน ::
  ล็อกอิน

รายการสื่อสารสนเทศ

ลำดับที่ ประเภท เลขเรียก/บาร์โค้ด สถานที่ สถานะ
1. วิทยาศาสตร์การแพทย์ และสุขภาพ
วิทยาศาสตร์การแพทย์ และสุขภาพ
นว. ห732พ 2552  
  Barcode: 16416
ห้องสมุดวิทยาเขตสวรรค์ประชารักษ์
►นวนิยาย
บนชั้น
  ขอยืม

BibComment


ยังไม่เคยถูกคอมเมนท์

คอมเมนท์ทรัพยากรรายการนี้
  คอมเมนท์: พรางเสน่หา เหลีย..


 Copyright 2026. Bcnsprnw @Library